000 01020nam a22002657a 4500
001 126831
003 UA-OsUOA
005 20220926123157.0
007 ta
008 20171109b un ||||| |||| 00| 0 ukr d
040 _aUA-OsUOA
_bukr
_cUA-OsUOA
_dUA-OsUOA
041 _aukr
080 _a82-94:929
090 _a82-94:929
_bС30
100 _aСемена М.
110 _aКримський незалежний центр політичних дослідників і журналістів
245 _aМустафа Джемілєв: людина, яка перемогла сталінізм
_bспецвипуск журналу "Кримськотатарське питання"
_cМикола Семена
250 _a2-ге вид., доп.
260 _aСімферополь
_bДоля
_c2010
300 _a96 с.
650 7 _a82 Література. Літературознавство
_2UDC
942 _cBK
_2udc
955 _a4
999 _c413965
_d413965